| 000 | 00350nam a2200133 4500 | ||
|---|---|---|---|
| 999 |
_c510452 _d510452 |
||
| 008 | 190818b ||||| |||| 00| 0 eng d | ||
| 100 |
_aMohan, Saumitra _98496 |
||
| 245 | _aThe anatomy of capital punishment in India | ||
| 260 | _c2019 | ||
| 300 | _ap.11-15. | ||
| 773 | _aAdministrator | ||
| 906 | _aCapital punishment - India | ||
| 942 |
_2ddc _cAR |
||